Loading...

Acidity and catalytic activity of vanadia supported on ceria

Bibliographic Details
Main Author: Sunitha M. Varghese
Language:English
Published: Kochi: CUSAT, 1998.
LEADER 00374nam a22001337a 4500
005 20160323130529.0
008 110405t xxu||||| |||| 00| 0 eng d
082 |a 541.395  |b SUN 
100 |a Sunitha M. Varghese  |9 11330 
245 |a Acidity and catalytic activity of vanadia supported on ceria 
300 |a 51p. 
942 |c MPHIL-P  |6 _ 
260 |a Kochi:  |b CUSAT,  |c 1998. 
999 |c 159568  |d 159568